[Event "Hochsauerland-ch U14"]
[Site "Foeckinghausen"]
[Date "2003.01.04"]
[Round "3"]
[White "Hueckelheim, Matthias"]
[Black "Rischen, Sarah"]
[Result "0-1"]
[WhiteElo "1032"]
[BlackElo "972"]
[PlyCount "90"]
[EventDate "2003.01.??"]
[EventType "swiss"]
[EventRounds "5"]
[EventCountry "GER"]
[SourceTitle "EXT 2005"]
[Source "ChessBase"]
[SourceDate "2004.11.15"]
[SourceVersion "1"]
[SourceVersionDate "2004.11.15"]
[SourceQuality "1"]

1. e4 Nf6 2. Nc3 d5 3. exd5 Nxd5 4. Nxd5 Qxd5 5. Be2 Qxg2 6. Bf3 Qg6 7. Nh3 Bxh3 8. Be2 Nc6 9. d3 Nd4 10. Be3 Nxe2 11. Kxe2 Qg4+ 12. Ke1 Qxd1+ 13. Kxd1 e6 14. a3 Bg2 15. Rg1 Bf3+ 16. Ke1 b6 17. Rg3 Bd5 18. c4 Bc6 19. Bf4 Bd6 20. Bxd6 cxd6 21. Rxg7 d5 22. cxd5 Bxd5 23. Rc1 e5 24. Rc7 Rf8 25. Rg5 f6 26. Rxh7 fxg5 27. Rh5 Rf5 28. Rh8+ Rf8 29. Rh6 e4 30. dxe4 Bxe4 31. Re6+ Kd7 32. Rxe4 Rae8 33. Ke2 Rxe4+ 34. Kd3 Rh4 35. b4 Rxh2 36. Kc3 g4 37. a4 g3 38. a5 bxa5 39. bxa5 g2 40. Kd2 g1R 41. Kd3 Rg5 42. a6 Rh4 43. f3 Rxf3+ 44. Kc2 Rh2+ 45. Kc1 Rg1# 0-1